000 00265nam a22001097a 4500
020 _a8185843589
082 _a294.59218 LOK
100 _aLokeswarananda
245 _aKatha Upanisad
260 _aCulcutta
_bRamakrishna Mission Instituteof Culture
_c1992
942 _cBK
999 _c19628
_d19628